000
00205 a2200097 4500
001
6351
100
_a
Lecht, C P
245
_a
Programmer,s Pantran II & IV
260
_a
_b
Mc Graw
_c
090
_c
5226
_d
5226
942
_a
NUST-CAE
_c
M
_c
31630
999
_c
241424
_d
241424